000 00538nam a2200169 i 4500
001 146789
003 ES-MaACL
005 20230906201654.0
007 t|
008 070917s1979 sp ||||1| spa d
100 1 _aTrilling, Wolfgang.
_9111430
245 1 0 _aJesús y los problemas de su historicidad /
_cWolfgang Trilling ; [traducción de Constantino Ruiz Garrido].
260 _aBarcelona :
_bHerder,
_c1970.
300 _a222 p. ;
_c22 cm.
700 1 _aRuiz-Garrido, Constantino.
_9100816
852 _aES-MaACL
_jC-47825
_bR.72590
999 _c146789
_d146789